Statistiken für S-Bahn Stationen Nürnberg

Klicken Sie hier um das Quiz zu spielen!

Allgemein

  • Dieses Quiz wurde 35 mal gespielt
  • Das Durchschnittsergebnis liegt bei 37 aus 85

Antwortstatistiken

LinieStation% Korrekt
Hauptbahnhof
90%
Hauptbahnhof
90%
Hauptbahnhof
90%
Hauptbahnhof
90%
S1Bamberg
80%
S2Roth
80%
Erlangen
77%
Feucht
70%
Feucht
70%
Erlangen-Bruck
67%
Frankenstadion
67%
Ansbach
63%
Forchheim (Oberfr)
63%
Fürth (Bay) Hbf
63%
Lauf (links Pegnitz)
63%
Stein
63%
Dürrenhof
60%
Dürrenhof
60%
Hersbruck (links Pegnitz)
60%
Altdorf (b. Nürnberg)
53%
S3Neumarkt (Oberpf)
53%
Schwabach
53%
Rothenburger Straße
50%
Steinbühl
50%
Steinbühl
50%
Oberasbach
47%
Schweinau
47%
Unterasbach
47%
Erlangen Paul-Gossen-Straße
43%
Fischbach (b. Nürnberg)
43%
Laufamholz
43%
Mögeldorf
43%
Roßtal
43%
Röthenbach (Pegnitz)
43%
Hartmannshof
40%
Hirschaid
40%
Roßtal-Wegbrücke
40%
Sachsen (b.Ansbach)
40%
Vach
40%
Altdorf West (b. Nürnberg)
37%
Bubenreuth
37%
Eibach
37%
Eltersdorf
37%
Feucht-Moosbach
37%
Gleißhammer
37%
Happurg
37%
Heilsbronn
37%
Lauf West
37%
Postbauer-Heng
37%
Röthenbach-Steinberg
37%
Strullendorf
37%
Anwanden
33%
Leutershausen-Wiedersbach
33%
Ostring
33%
Ottensoos
33%
Röthenbach-Seespitze
33%
Schwaig
33%
Wicklesgreuth
33%
Burgthann
30%
Buttenheim
30%
Eggolsheim
30%
Feucht-Ost
30%
Henfenfeld
30%
Pölling
30%
Pommelsbrunn
30%
Rednitzhembach
30%
Rehhof
30%
Reichelsdorf
30%
Reichelsdorfer Keller
30%
Baiersdorf
27%
Fürth-Unterfarrnbach
27%
Katzwang
27%
Kersbach
27%
Mimberg
27%
Oberferrieden
27%
Petersaurach Nord
27%
Raitersaich
27%
Sandreuth
27%
Winkelhaid
27%
Ochenbruck
23%
Schwabach-Limbach
23%
Büchenbach
20%
Ludersheim
20%
S4Dornbühl
17%
Dutzendeich
17%

Verteilung der Resultate

Perzentil nach korrekt beantworteten Fragen

Anzahl Personen mit jedem Resultat

Ihre Resultats-Entwicklung

Sie haben dieses Quiz noch nicht gespielt